Left Driving Countries Quiz Stats

 Plays Quiz Updated Oct 31, 2018

Support Sporcle.
Go Orange.
Score 0/54 Timer 07:00
8 Plays Today
Country % Correct
United Kingdom
96.5%
Australia
86.4%
Ireland
77.4%
New Zealand
75.9%
India
75.4%
South Africa
71%
Japan
69.9%
Pakistan
57.2%
Indonesia
53.6%
Zimbabwe
51.3%
Kenya
50.1%
Jamaica
47.4%
Thailand
47.3%
Bangladesh
46.7%
Malaysia
45.7%
Fiji
44%
Singapore
43.3%
Zambia
42.7%
Bahamas
42.6%
Sri Lanka
42.3%
Nepal
42.1%
Lesotho
40.8%
Tanzania
39.8%
Namibia
39.7%
Eswatini
39.4%
Botswana
38.9%
Barbados
38.2%
Country % Correct
Uganda
38%
Mozambique
36%
St. Kitts and Nevis
35.4%
Papua New Guinea
35.3%
Trinidad and Tobago
35%
Bhutan
33.9%
Tonga
33.9%
Dominica
33.3%
St. Lucia
33%
Tuvalu
32.1%
Antigua and Barbuda
31.6%
St. Vincent-Grenadines
31.3%
Solomon Islands
30.6%
Nauru
30.6%
Malawi
30.4%
Grenada
29.7%
Seychelles
29.4%
Kiribati
29.3%
Maldives
29.2%
Brunei
28.7%
Malta
28%
Samoa
26.4%
Cyprus
26%
Mauritius
25.7%
Guyana
25.6%
Timor-Leste
24.5%
Suriname
21.2%

You're not logged in!

Compare scores with friends on all Sporcle quizzes.
OR
Log In

From the Vault

TV Guide's Top 100 Episodes

by Thalia

I am not saying I watch too much TV or anything, but I have actually seen 88 of these.
Remove Ads.
Support Sporcle.
Get the best of Sporcle when you Go Orange. This ad-free experience offers more features, more stats, and more fun while also helping to support Sporcle. Thank you for becoming a member.

Show Comments

Extras

Top Quizzes Today


Score Distribution

Your Account Isn't Verified!

In order to create a playlist on Sporcle, you need to verify the email address you used during registration. Go to your Sporcle Settings to finish the process.

Report this User

Report this user for behavior that violates our Community Guidelines.

Details: